Ajaran Tasawwuf Ulama' Nusantara

Bibliographic Details
Main Author: Muhammad Uthman El-Muhammady
Format: Book
Published: Kelantan : Majlis Agama Islam Kelantan , 2016
Subjects:

MARC

LEADER 00000cam a2200000 7i4500
001 0000078382
005 20180205.0
008 050218
020 |a 9789832391258 
041 0 |a Malay 
090 0 0 |a 297.4   |b UTH 
100 0 |a Muhammad Uthman El-Muhammady 
245 1 0 |a Ajaran Tasawwuf Ulama' Nusantara   |c Muhammad Uthman El-Muhammady 
260 |a Kelantan :   |b Majlis Agama Islam Kelantan ,   |c 2016 
300 |a 290p. ;   |c 21.5cm. 
541 0 0 |c Purchased on 2017 
650 0 |a Malaysia   |x social conditions 
999 |a 0001498357   |b Book   |c Adult Collection   |e Cawangan Mersing 
999 |a 0001498358   |b Book   |c Adult Collection   |e Cawangan Bandar Penawar 
999 |a 0001498359   |b Book   |c Adult Collection   |e Cawangan Sri Merlong 
999 |a 0001498360   |b Book   |c Adult Collection   |e Cawangan Pontian 
999 |a 0001498361   |b Book   |c Adult Collection   |e Cawangan Batu Pahat 
999 |a 0001498362   |b Book   |c Adult Collection   |e Cawangan Tmn. Ungku Tun Aminah 
999 |a 0001498363   |b Book   |c Adult Collection   |e Cawangan Kota Tinggi 
999 |a 0001498364   |b Book   |c Adult Collection   |e Cawangan Tangkak 
999 |a 0001498365   |b Book   |c Adult Collection   |e Cawangan Muar 
999 |a 0001498366   |b Book   |c Adult Collection   |e Cawangan Bandar Tenggara 
999 |a 0001498367   |b Book   |c Adult Collection   |e Cawangan Taman Sri Lambak 
999 |a 0001498368   |b Book   |c Adult Collection   |e Cawangan Segamat 
999 |a 0001498369   |b Book   |c Adult Collection   |e Cawangan Bukit Gambir 
999 |a 0001504537   |b Book   |c Adult Collection   |e Perbadanan Perpustakaan Awam Johor 
999 |a 0001504538   |b Book   |c Adult Collection   |e Cawangan AEON Kulaijaya 
999 |a 0001504539   |b Book   |c Adult Collection   |e Cawangan Urban Transformation Centre